| 000 | 00833nam a2200217 4500 | ||
|---|---|---|---|
| 001 | 140145 | ||
| 003 | ES-MaACL | ||
| 005 | 20230906200022.0 | ||
| 007 | t| | ||
| 008 | 070214s1973 sp r ||||1| spa d | ||
| 100 | 1 |
_aSeeley, Harry W. _9105086 |
|
| 245 | 1 | 0 |
_aMicrobios en acción _b: manual de laboratorio para microbiología / _cHarry W. Seeley, Paul J. Van Demark ; traducido bajo la dirección del profesor J.R. Villanueva y el Dr. I. García-Acha ; con la colaboración de los doctores C. Asensio ... [et al.]. |
| 260 |
_aMadrid : _bBlume, _c1973. |
||
| 300 |
_aVIII p., 361 p. : _bil. ; _c28 cm. |
||
| 650 | 0 | 0 |
_aMicrobiología. _915023 |
| 700 | 1 |
_aDemark, Paul J. Van. _943626 |
|
| 700 | 1 |
_aVillanueva, J. R. _9115021 |
|
| 700 | 1 |
_aGarcía-Acha, I. _954114 |
|
| 700 | 1 |
_aAsensio, C. _923579 |
|
| 852 |
_aES-MaACL _jC-55887 |
||
| 999 |
_c140145 _d140145 |
||